000 00448nam a22001577a 4500
005 20260416103624.0
008 260416b |||||||| |||| 00| 0 eng d
020 _a9789051847
050 _aBR1463.N5
_b.N64
100 _aFLECK, LAN
245 _aBRINGING CHRISTIANITY TO NIGERIA
_bTHE ORIGIN AND WORK OF PROTESTANT MISSION
260 _aPLATEAU
_bAFRICA CHRISTIAN TEXTBOOKS (ACTS)
_c2012
300 _a285p.
650 _aCHRISTIANITY
942 _cBK
999 _c4645
_d4645